|
|
|
|
| LEADER |
00000nam0a2200000 4500 |
| 001 |
327867 |
| 005 |
20231102004013.0 |
| 035 |
|
|
|a (RuTPU)RU\TPU\book\353554
|
| 090 |
|
|
|a 327867
|
| 100 |
|
|
|a 20170207d1974 km y0rusy50 ca
|
| 101 |
0 |
|
|a rus
|
| 102 |
|
|
|a RU
|
| 105 |
|
|
|a y z 001zd
|
| 200 |
1 |
|
|a Буржуазная философия США ХХ века
|f А. С. Богомолов
|
| 210 |
|
|
|a Москва
|c Мысль
|d 1974
|
| 215 |
|
|
|a 343 с.
|
| 320 |
|
|
|a Библиогр.: с. 328-337
|
| 320 |
|
|
|a Указатель имен: с. 338-341
|
| 600 |
|
1 |
|a Пирс
|g Чарлз Сандерс
|b Ч. С.
|c американский философ
|c логик
|c математик
|c естествоиспытатель
|f 1839-1914
|2 stltpush
|3 (RuTPU)RU\TPU\pers\396
|
| 600 |
|
1 |
|a Джеймс (Джемс)
|b У.
|g Уильям
|c американский философ
|c психолог
|f 1842-1910
|2 stltpush
|3 (RuTPU)RU\TPU\pers\12202
|
| 600 |
|
1 |
|a Дьюи
|g Джон
|c американский философ
|f 1859-1952
|b Д.
|2 stltpush
|3 (RuTPU)RU\TPU\pers\207
|
| 600 |
|
1 |
|a Сантаяна
|b Дж.
|c американский философ-идеалист
|c литератор
|f 1863-1952
|g Джордж
|2 stltpush
|3 (RuTPU)RU\TPU\pers\15795
|9 5515
|
| 600 |
|
1 |
|a Гудмен
|b Н.
|c американский философ
|f 1906-1998
|g Нельсон
|2 stltpush
|3 (RuTPU)RU\TPU\pers\16710
|9 6037
|
| 606 |
1 |
|
|a Американская философия
|x США
|2 stltpush
|3 (RuTPU)RU\TPU\subj\28890
|9 52352
|
| 610 |
1 |
|
|a прагматизм
|
| 610 |
1 |
|
|a персонализм
|
| 610 |
1 |
|
|a неореализм
|
| 610 |
1 |
|
|a неопозитивизм
|
| 610 |
1 |
|
|a натурализм
|
| 610 |
1 |
|
|a экзистенциализм
|
| 610 |
1 |
|
|a история
|
| 610 |
1 |
|
|a 20 век
|
| 686 |
|
|
|a Ю3(7США)
|v LBC/SL-A
|2 rubbk
|
| 700 |
|
1 |
|a Богомолов
|b А. С.
|g Алексей Сергеевич
|
| 801 |
|
1 |
|a RU
|b 63413507
|c 20170207
|
| 801 |
|
2 |
|a RU
|b 63413507
|c 20170209
|g RCR
|
| 942 |
|
|
|c BK
|